Biomedical signal processing and signal modeling (Record no. 570044)

000 -LEADER
fixed length control field 00498nam a22001817a 4500
003 - CONTROL NUMBER IDENTIFIER
control field CEME
005 - DATE AND TIME OF LATEST TRANSACTION
control field 20210628202521.0
008 - FIXED-LENGTH DATA ELEMENTS--GENERAL INFORMATION
fixed length control field 210121b xxu||||| |||| 00| 0 eng d
020 ## - INTERNATIONAL STANDARD BOOK NUMBER
International Standard Book Number 0-471-34540-7
040 ## - CATALOGING SOURCE
Transcribing agency ceme
082 ## - DEWEY DECIMAL CLASSIFICATION NUMBER
Classification number 610.28 BRU
100 ## - MAIN ENTRY--PERSONAL NAME
Personal name Bruce , Eugene . C
9 (RLIN) 60270
245 ## - TITLE STATEMENT
Title Biomedical signal processing and signal modeling
260 ## - PUBLICATION, DISTRIBUTION, ETC.
Place of publication, distribution, etc. NEW YORK
Name of publisher, distributor, etc. JOHN WILEY
Date of publication, distribution, etc. 2001
300 ## - PHYSICAL DESCRIPTION
Extent XIV,520P
650 ## - SUBJECT ADDED ENTRY--TOPICAL TERM
Topical term or geographic name entry element SIGNAL PROCESSING.BIOMEDICAL ENGINEERING.
9 (RLIN) 60271
942 ## - ADDED ENTRY ELEMENTS (KOHA)
Koha item type Book
Source of classification or shelving scheme
Holdings
Withdrawn status Lost status Source of classification or shelving scheme Damaged status Not for loan Permanent Location Current Location Shelving location Date acquired Full call number Barcode Date last seen Price effective from Koha item type Public note
          College of Electrical & Mechanical Engineering (CEME) College of Electrical & Mechanical Engineering (CEME) General Stacks 07/19/2017 610.28 BRU CEME-41272 06/28/2021 06/28/2021 Book 4.0
© 2023 Central Library, National University of Sciences and Technology. All Rights Reserved.